ភូមិវិទ្យា ថ្នាក់ទី១១ / (Record no. 6904)
[ view plain ]
| 000 -LEADER | |
|---|---|
| fixed length control field | 01710nam a22002417a 4500 |
| 001 - CONTROL NUMBER | |
| control field | 6904 |
| 003 - CONTROL NUMBER IDENTIFIER | |
| control field | FISKH |
| 005 - DATE AND TIME OF LATEST TRANSACTION | |
| control field | 20250605111422.0 |
| 008 - FIXED-LENGTH DATA ELEMENTS--GENERAL INFORMATION | |
| fixed length control field | 250605b cb ||||| |||| 00| 0 eng d |
| 020 ## - INTERNATIONAL STANDARD BOOK NUMBER | |
| International Standard Book Number | 9789995001018 |
| 040 ## - CATALOGING SOURCE | |
| Original cataloging agency | FISKH |
| Language of cataloging | khr |
| Transcribing agency | FISKH |
| Modifying agency | FISKH |
| 082 ## - DEWEY DECIMAL CLASSIFICATION NUMBER | |
| Classification number | 910 |
| 100 ## - MAIN ENTRY--PERSONAL NAME | |
| Personal name | Vat, Eng |
| 245 ## - TITLE STATEMENT | |
| Title | ភូមិវិទ្យា ថ្នាក់ទី១១ / |
| Statement of responsibility, etc. | លោក អេង វ៉ាត់,លោក ស៊ុន ណាគ្រី ,លោក ថៃ សុខហេង និង លោក ឌី ឆុំឌឿន |
| 250 ## - EDITION STATEMENT | |
| Edition statement | បោះពុម្ពឆ្នាំ២០២០ |
| 260 ## - PUBLICATION, DISTRIBUTION, ETC. | |
| Place of publication, distribution, etc. | ភ្នំពេញ: |
| Name of publisher, distributor, etc. | គ្រឺះស្ថានបោះពុម្ពនិងចែកផ្សាយ , |
| Date of publication, distribution, etc. | 2020 . |
| 300 ## - PHYSICAL DESCRIPTION | |
| Extent | 204 pages : |
| Other physical details | illustrations ; |
| Dimensions | 25 cm. |
| 520 ## - SUMMARY, ETC. | |
| Summary, etc. | សៀវភៅ ភូមិវិទ្យា ថ្នាក់ទី ១១ ជាសៀវភៅសិក្សាសំខាន់សម្រាប់សិស្សមធ្យមសិក្សាទុតិយភូមិ ដែលផ្ដោតលើការអប់រំសិស្សឲ្យយល់ដឹងអំពីបរិស្ថានធម្មជាតិ បរិស្ថានសង្គម និងបញ្ហាផ្សេងៗដែលពាក់ព័ន្ធនឹងភូមិវិទ្យា។ |
| 520 ## - SUMMARY, ETC. | |
| Summary, etc. | The Grade 11 Geography textbook is an important learning resource for upper secondary school students. It focuses on educating students about the natural environment, the human/social environment, and various issues related to geography. |
| 700 ## - ADDED ENTRY--PERSONAL NAME | |
| Personal name | Somhors, Mao |
| Relator term | Illustrator |
| 942 ## - ADDED ENTRY ELEMENTS (KOHA) | |
| Source of classification or shelving scheme | Dewey Decimal Classification |
| Koha item type | Khmer Books |
| Suppress in OPAC | No |
| Withdrawn status | Lost status | Source of classification or shelving scheme | Damaged status | Not for loan | Collection | Home library | Current library | Shelving location | Date acquired | Total Checkouts | Full call number | Barcode | Date last seen | Copy number | Price effective from | Koha item type |
|---|---|---|---|---|---|---|---|---|---|---|---|---|---|---|---|---|
| Dewey Decimal Classification | Khmer Language Books / សៀវភៅភាសាខ្មែរ | Footprints International School Library Network Toul Tom Poung Campus | Footprints International School Library Network Toul Tom Poung Campus | TTP Secondary Khmer Bookshelves | 06/05/2025 | VAT 910 | 2025-1545 | 06/05/2025 | 1 | 06/05/2025 | Khmer Books | |||||
| Dewey Decimal Classification | Khmer Language Books / សៀវភៅភាសាខ្មែរ | Footprints International School Library Network Toul Tom Poung Campus | Footprints International School Library Network Toul Tom Poung Campus | TTP Secondary Khmer Bookshelves | 06/06/2025 | VAT 910 | 2025-1557 | 06/06/2025 | 2 | 06/06/2025 | Khmer Books |
